| 000 | 02025cam a22004694i 4500 | ||
|---|---|---|---|
| 003 | PE-LiUPU | ||
| 005 | 20250731172918.0 | ||
| 008 | 150617s1964 mx r 000 0 spa d | ||
| 035 | _a(Sirsi) a19004 | ||
| 040 |
_aPE-LiUPU _bspa _cPE-LiUPU _erda |
||
| 049 | _aPRUA | ||
| 082 | 0 | 4 |
_a280.4 _bC28 _221 |
| 110 | 2 | _aCasa Unida de Publicaciones | |
| 245 | 1 | 4 | _aLos Protestantes y el Segundo Concilio Vaticano. |
| 264 | 1 |
_aMéxico : _bGalve, _c1964. |
|
| 300 |
_a101 páginas ; _c20 centímetros |
||
| 336 |
_atext _2rdacontent |
||
| 337 |
_aunmediated _2rdamedia |
||
| 338 |
_avolume _2rdacarrier |
||
| 505 | 0 | _aObservadores protestantes en el Concilio Vaticano Segundo -- Signos de renovación en la iglesia Católica Romana -- Antecedentes y realización de la primera sesión del Concilio Vaticano -- La crítica anti-católico-romana: su validez y sus exageraciones -- Diferencias y semejanzas teológicas entre el protestantismo y el catolicismo romano -- ¿Cómo pueden ser las relaciones católico-protestantes en México -- Implicaciones del Segundo Concilio Vaticano para la vida religiosa de nuestros tiempos, particularmente en América Latina. | |
| 526 | _aSEG42 | ||
| 526 | _aSEG41 | ||
| 526 | _aSEG40 | ||
| 526 | _aSEG39 | ||
| 526 | _aP94 | ||
| 526 | _aP87 | ||
| 526 | _aP86 | ||
| 526 | _aP85 | ||
| 526 | _aP77 | ||
| 526 | _aP76 | ||
| 526 | _aP35 | ||
| 650 | 0 | 4 | _aIglesias protestantes Congresos. |
| 650 | 0 | 4 | _aMovimiento ecuménico. |
| 650 | 0 | 4 | _aUnidad cristiana Congresos. |
| 910 |
_ajck _bjvq _cjck _d20150616 |
||
| 942 |
_2ddc _cBOOK |
||
| 949 |
_a280.4 C28 _wDEWEY _c1 _i19522 _lCCODEBUL1 _mBUL _p25.00 _r0 _sY _tBOOK _u19811027 _xTEOLOGIA _PP35 _0COMPRA _o.STAFF. Colección Teología |
||
| 994 |
_aC0 _bPEPRU |
||
| 596 | _a1 | ||
| 999 |
_a280.4 C28 _wDEWEY _c18759 _i19522 _d18759 _e2016-1-11 _f2021-11-12 _g5 _lCCODEBUL1 _mBUL _n1 _p25.00 _r0 _sY _tBOOK _u2015-6-17 _xTEOLOGIA _PP35 _0COMPRA _o.STAFF. Colección Teología |
||
| 980 |
_81 _gALBERTO SANCHEZ Responsable de Automatización |
||